Регионална библиотека "Любен Каравелов" - Русе

Египетски митове (Запис номер 9602)

MARC детайли
000 -Лидер
Контролно поле с фиксирана дължина 01336nam a2200361 c 4500
003 - Код на организацията, давaща контролен номер
Контролно поле BLK
005 - Дата и час на последна редакция
Контролно поле 20180420214440.0
008 - Елементи от данни с фиксирана дължина
fixed length control field 180412b bul|||||r ||||||| ||bul||
010 ## - Наследен системен номер
LC control number KNG00011028000
020 ## - Международен стандартен номер на книга ISBN
Международен стандартен номер на книга ISBN 954-427-221-6
-- издат.: Абагар
040 ## - Източник на каталожния запис
Идентификатор на билиотеката - собственик на записа BLK
041 ## - Код за език
Код за езика на текст/звукозапис или на отделно заглавие Български
Код за езика КДБФ Български
080 ## - УДК
Текстов определител УДК Религии на хамитските народи
УДК код - определител по УДК 299.3
УДК определител
УДК - код + определител 299.3
100 1# - Редна дума - Автор
Автор Харт, Джордж
Авторска отговорност първи автор
R(LIN) 254621
139 ## - Редно поле
Редна дума Харт, Джордж
Авторски знак Харт - Х 29
245 10 - Сведения за заглавието
Заглавие Египетски митове
Редно поле (дума) Джордж Харт; прев. от англ. Иглика Стойнешка.
257 ## - Страна на издаване
Страна на създаване/издаване Великобритания
260 ## - Област на издателските данни
-- В. Търново
Име на издателя, разпространителя и проч. Абагар
Година на издаване 1995
300 ## - Физическа характеристика
Страници 104 с.
Илюстрации и др. с ил., сх.
Размери/Мащаб 25 см
380 ## - Жанр
Жанр Религия. Теология
500 ## - Общи забележки
Забележка Ориг. загл. Egyptian Myths / George Hart. - 2 500 тир.
650 #4 - Допълнително описание по предмет – тема
Основно описание – тема или топоним Митове - Древен Египет
9 (RLIN) 254623
650 #4 - Допълнително описание по предмет – тема
Основно описание – тема или топоним Легенди - Древен Египет
9 (RLIN) 254624
651 #4 - Допълнително описание по предмет - топоним
Географско понятие Древен Египет
9 (RLIN) 242280
653 ## - Ключова дума – ненормативна
Ключова дума митове
653 ## - Ключова дума – ненормативна
Ключова дума легенди
700 1# - Други автори (авторска отговорност)
Лично име Стойнешка, Иглика
Автороска отговорност (Описва отношението между автора и произведението) прев. от англ.
9 (RLIN) 254622
852 ## - Местоположение
Форматна сигнатура Цб 185694
856 4# - Електронен адрес и достъп
Електронен формат pdf - файл
Път до файла /url/
856 4# - Електронен адрес и достъп
Електронен формат pdf - файл
Път до файла /url/
942 ## - АРТИКУЛИ
Вид на библиотечния материал Книги
Скрит в OPAC Не
Koha issues (borrowed), all copies 1
944 ## - СЪЗДАВАНЕ И РЕДАКЦИЯ на ЗАПИСА
Създаване/Редакция Създаване
Дата на регистрацията/редакция 15.01.2003
Статус, дата на статуса ф /
Служител, извършил регистрацията/редакцията Людмила_Стоянова
944 ## - СЪЗДАВАНЕ И РЕДАКЦИЯ на ЗАПИСА
Създаване/Редакция Редакция
Дата на регистрацията/редакция 26.02.2016
Статус, дата на статуса ф /
Служител, извършил регистрацията/редакцията Нора_Радева
999 ## - СИСТЕМНИ КОНТРОЛНИ НОМЕРА
Koha biblionumber 9602
Koha biblioitemnumber 9602
Наличности
Код за отписване Код за изгубен артикул Източник на класификационната схема Код за повреда Коз за рестрикции Код за отдаване Артикулен № Име на библиотеката - собственик Име на библиотеката, в която се намира в момента Статус (Текущо местоположение) Дата на вписване в системата Местоположение - отдел Цена в лева Инвентарен номер Систематично азбучна сигнатура Баркод Номер на екземпляра Цена в евро Служебна бележка Служебен тип на артикула
  Не е изгубен Universal Decimal Classification Не е повреден без рестрикции заемане за дома 16614 Регионална библиотека "Любен Каравелов" Русе Регионална библиотека "Любен Каравелов" Русе Детски отдел 2001-01-01 Детски отдел 1.50 619380 ДН 2/Х 29 120000619380 1 0.77 Дост: Pk Вид: Ф N: стар фонд Дата: 01.01.1995 Дата инв: 26.08.2015 Бележки инв: Д2015 Книги
  Не е изгубен Universal Decimal Classification Не е повреден без рестрикции ползва се в читалня 16615 Регионална библиотека "Любен Каравелов" Русе Регионална библиотека "Любен Каравелов" Русе Хранилище 2001-01-01 Хранилище 1.50 620059 Цб 185694 120000620059 2 0.77 Дост: Dp Вид: Д N: стар фонд Дата: 01.01.1995 Книги
Vip Innovations Ltd, Rousse, Bulgaria 2025